|
|
|
|
| LEADER |
00000cam a2200000 a 4500 |
| 001 |
vtls001105047 |
| 003 |
SK-MaSNL |
| 005 |
20260330140102.0 |
| 008 |
250414s1977 xo a gr 0000p slo |
| 015 |
|
|
|a SNBA1977/03
|
| 020 |
|
|
|q (brož.)
|
| 035 |
|
|
|a SNK000047889
|
| 040 |
|
|
|a SNK
|b slo
|c SNK
|e AACR2
|
| 041 |
0 |
|
|a slo
|
| 044 |
|
|
|a xo
|c SK
|
| 072 |
|
7 |
|a 821.162.4-1
|x Slovenská poézia
|2 konspekt
|
| 080 |
|
|
|a 821.162.4-1
|2 2001
|
| 080 |
|
|
|a (0:82-1)
|2 2001
|
| 080 |
|
|
|a 82-1(081.1)
|2 2011
|
| 100 |
1 |
|
|a Válek, Miroslav,
|d 1927-1991
|4 aut
|9 102196
|
| 245 |
1 |
0 |
|a Z vody
|c Miroslav Válek ; [ilustroval Dušan Kállay]
|
| 250 |
|
|
|a 1. vyd.
|
| 260 |
|
|
|a Bratislava
|b Slovenský spisovateľ
|c 1977
|
| 300 |
|
|
|a 38 s.
|b ilustr.
|c 30 cm
|
| 655 |
|
7 |
|a slovenská poézia
|2 SNKPH
|9 70444
|
| 655 |
|
7 |
|a básnické zbierky
|2 SNKPH
|9 186372
|
| 700 |
1 |
|
|a Kállay, Dušan,
|d 1948-
|4 ill
|9 93799
|
| 850 |
|
|
|a Slovenská národná knižnica
|
| 852 |
|
|
|a Slovenská národná knižnica
|
| 954 |
|
|
|a beletria pôvodná (slovenská)
|2 lita
|
| 958 |
|
|
|a RK
|
| 958 |
|
|
|a TL
|
| 958 |
|
|
|a LX
|
| 958 |
|
|
|a OND
|
| 999 |
|
|
|c 534713
|d 536643
|
| 952 |
|
|
|a SNK
|b SNK
|y PREZ
|7 0
|o snklmMK 426
|i snklm30/78
|8 3
|0 0
|1 0
|4 0
|d 2005-06-16
|l 0
|r 2026-02-23 12:21:40
|w 2026-02-23
|
| 952 |
|
|
|t P60, <04>, [BOOK], {604}
|a SNK
|b SNK
|y VYP
|7 0
|p 17A0077142
|o snkSC 41875 D1
|i snkKSP 5217/77
|0 0
|1 0
|4 0
|d 1997-07-03
|l 0
|r 2004-12-31 00:00:00
|w 2026-02-23
|
| 952 |
|
|
|t P60, <03>, [BOOK], {603}
|a SNK
|b SNK
|y PREZ
|7 0
|o snkSC 41875
|i snkKSP 5216/77
|0 0
|1 0
|4 0
|d 2002-07-18
|l 0
|r 2004-12-31 00:00:00
|w 2026-02-23
|
| 952 |
|
|
|t P60, <04>, [BOOK], {604}
|a SNK
|b SNK
|y VYP
|7 0
|p 17A0447874
|o snkSC 41875 D2
|i snkK 653/2002
|g 3.98
|0 0
|1 0
|4 0
|d 2002-07-18
|l 0
|r 2004-12-31 00:00:00
|w 2026-02-23
|
| 952 |
|
|
|a SNK
|b SNK
|y PREZ
|7 0
|p 17A0944303
|o snkSC 41875
|0 0
|1 0
|4 0
|d 2013-08-16
|l 0
|r 2025-10-17 00:00:00
|w 2026-02-23
|